000 00972nam a22003131 4500
001 30370
003 BD-RjUL
005 20211209051544.0
008 140409s1950 nyua b 001 0 eng
035 _a(BD-RjUL)30455
035 _a(OCoLC)312905
040 _aDLC
_cOClU
_dOClW-H
_dOCoLC
_dUk
_dDLC
_dBD-RjUL
_beng
041 _aeng
082 _a519.5
_bGUF 1950
100 1 _aGuilford, J. P.
_q(Joy Paul),
_d1897-1987.
_95571
245 1 0 _aFundamental statistics in psychology and education /
_cJ.P. Gulford
250 _a2nd ed.
260 _aNew York :
_bMcGraw-Hill,
_c1950.
300 _axiii, 633 p. :
_bill. ;
_c24 cm.
490 0 _aMcGraw-Hill publications in psychology
504 _a"Some suggested aids in learning statistics": p. 11-12.
504 _aIncludes index.
650 0 _aStatistics.
_992313
650 0 _aPsychology.
_992314
650 0 _aEducation
_vStatistics.
_9836
942 _2ddc
_cBK
999 _c30370
_d30370